South Eastern Kenya University

Library Online Public Access Catalogue


Principles of Microeconomics/ (Record no. 11371)

MARC details
000 -LEADER
fixed length control field 00365nam a22001457a 4500
020 ## - ISBN
International Standard Book Number 0321077318
050 ## - LIBRARY OF CONGRESS CALL NUMBER
Classification Number HB 172
Item Number .R75 2000
100 ## - MAIN ENTRY--Author
Personal name Ruffin, Roy J.
245 ## - TITLE
Title Principles of Microeconomics/
Statement of responsibility, etc Roy J. Ruffin
250 ## - EDITIONSTATEMENT
Edition statement 7th.
260 ## - PUBLICATION, DISTRIBUTION, ETC.(IMPRINT)
Place of publication, distribution, etc Adison Wesley:
Name of publisher, distributor, etc New York,
Date of publication, distribution, etc 2001.
300 ## - PHYSICAL DESCRIPTION
Extent xxxi, 791 P.:
650 ## - SUBJECT--TOPIC
Topical term following geographic name as entry element Microeconomics
942 ## - ADDED ENTRY ELEMENTS(KOHA)
Source of classification or shelving scheme Library of Congress Classification
Koha item type General circulation
Holdings
Source of classification or shelving scheme Not for loan Location (home branch) Sublocation (holding branch) Shelving location Date accessioned Full call number Barcode Koha item type
Library of Congress Classification   Mtito Andei Centre Library Mtito Andei Centre Library   23/02/2016 HB 172 .R75 2000 2016/014733 General circulation
Kitui, Kenya.
+254736116989
library@seku.ac.ke